| 000 | 003880000a22001570004500 | ||
|---|---|---|---|
| 001 | 000019 | ||
| 003 | MACL | ||
| 040 | _aMACL | ||
| 090 |
_c19 _d19 |
||
| 100 | _aBava, Noorjahan | ||
| 245 |
_aNon-Governmental Organizations in Development _bTheory and Practice _cNoorjahan Bava |
||
| 260 |
_aKanishka Publications, _c1997 |
||
| 350 | _a450 | ||
| 650 | _aSocial Science | ||
| 942 |
_k320 _cBook |
||
| 999 |
_c49326 _d49326 |
||